LIBRARY & INFORMATION CENTRE, KCAET, TAVANUR

ONLINE PUBLIC ACCESS CATALOGUE (OPAC)

Vijnanamalayalam | വിജ്ഞാനമലയാളം (Record no. 17646)

MARC details
000 -LEADER
fixed length control field 00412nam a22001577a 4500
003 - CONTROL NUMBER IDENTIFIER
control field OSt
008 - FIXED-LENGTH DATA ELEMENTS--GENERAL INFORMATION
fixed length control field 230227b |||||||| |||| 00| 0 eng d
041 ## - LANGUAGE CODE
Language code of text/sound track or separate title mal
082 ## - DEWEY DECIMAL CLASSIFICATION NUMBER
Classification number 494.812
Item number BAL/VI
100 ## - MAIN ENTRY--AUTHOR NAME
Personal name Balakrishnan, kavumbayi
245 ## - TITLE STATEMENT
Title Vijnanamalayalam
Remainder of title വിജ്ഞാനമലയാളം
250 ## - EDITION STATEMENT
Edition statement 1st
260 ## - PUBLICATION, DISTRIBUTION, ETC. (IMPRINT)
Place of publication Trissure
Name of publisher Kerala sahithya academy
Year of publication 2021
300 ## - PHYSICAL DESCRIPTION
Number of Pages 128
942 ## - ADDED ENTRY ELEMENTS (KOHA)
Koha item type Books
Holdings
Withdrawn status Lost status Damaged status Home library Current library Date acquired Full call number Accession Number Koha item type
      KAUAET KAUAET 27/02/2023 494.812 BAL/VI 26078 Books
free website counter